Carrie Fisher Movies Quiz Stats

 Plays Quiz Updated Dec 14, 2017

Score 0/32 Timer 08:00
0 Plays Today
Year Movie Title % Correct
1977Star Wars
99.2%
1980The Empire Strikes Back
88.3%
1983Return of the Jedi
87.1%
2015The Force Awakens
74.4%
1980The Blues Brothers
46.6%
1989When Harry Met Sally...
44.7%
1975Shampoo
21.7%
1989The 'Burbs
16.3%
2001Jay and Silent Bob Strike Back
15.9%
2017The Last Jedi
14.6%
1986Hannah and Her Sisters
12.3%
2000Scream 3
9.6%
1991Soapdish
9.1%
1981Under the Rainbow
9.1%
1985The Man With One Red Shoe
8.9%
1991Drop Dead Fred
8.7%
Year Movie Title % Correct
2009Fanboys
7.6%
2003Charlie's Angels: Full Throttle
6.5%
2009Sorority Row
6.2%
1989Loverboy
6.1%
2008The Women
6%
1984Garbo Talks
5.5%
2001Heartbreakers
5.2%
1990Sibling Rivalry
5.2%
1987Amazon Women on the Moon
5%
2003Wonderland
5%
1986Hollywood Vice Squad
4.9%
1988Appointment With Death
4.8%
1992This Is My Life
4.8%
1987The Time Guardian
4.6%
2004Stateside
4.6%
2005Undiscovered
4.6%

You're not logged in!

Compare scores with friends on all Sporcle quizzes.
OR
Log In

Sporcle TV

Today on Sporcle TV


Watch our educational content, quiz creation guides, and fun videos on Sporcle TV.

Show Comments

Extras

Top Quizzes Today


Score Distribution

Your Account Isn't Verified!

In order to create a playlist on Sporcle, you need to verify the email address you used during registration. Go to your Sporcle Settings to finish the process.

Report this User

Report this user for behavior that violates our Community Guidelines.

Details: